| 000 | 00666nam a2200193 i 4500 | ||
|---|---|---|---|
| 001 | 20962 | ||
| 003 | ES-MaACL | ||
| 005 | 20230906152407.0 | ||
| 007 | t| | ||
| 008 | 021119s1981 sp ||||1| spa d | ||
| 245 | 0 | 0 |
_aAcuerdos autonómicos firmados por el Gobierno de la Nación y el Partido Socialista Obrero Español _b: el 31 de julio de 1981. |
| 260 |
_aMadrid : _b[Presidencia del Gobierno, Servicio Central de Publicaciones], _c1981. |
||
| 300 |
_a110 p. ; _c17 cm. |
||
| 490 | 1 |
_aInforme ; _v36 |
|
| 710 | 1 |
_aEspaña. _bPresidencia del Gobierno. _93951 |
|
| 830 | 0 |
_aInforme ; _v36 _9179985 |
|
| 852 |
_aES-MaACL _jL-6182 _bR.106030 |
||
| 999 |
_c20962 _d20962 |
||